I nuovi adolescenti e la fuga nel virtuale (Record n. 209722)
[ formato base ]
| 000 -LEADER | |
|---|---|
| fixed length control field | 01698nam a2200229Ia 4500 |
| 001 - CONTROL NUMBER | |
| control field | b7239-53531 |
| 003 - CONTROL NUMBER IDENTIFIER | |
| control field | IT-MiCISF |
| 008 - FIXED-LENGTH DATA ELEMENTS--GENERAL INFORMATION | |
| fixed length control field | 161014s9999||||xx |||||||||||||| ||und|| |
| 040 ## - CATALOGING SOURCE | |
| Original cataloging agency | IT-MiCISF |
| Transcribing agency | IT-MiCISF |
| 041 ## - LANGUAGE CODE | |
| Language code of text/sound track or separate title | it |
| 999 ## - SYSTEM CONTROL NUMBERS (KOHA) | |
| Koha Dewey Subclass [OBSOLETE] | si |
| 100 ## - MAIN ENTRY--PERSONAL NAME | |
| Personal name | Bille Chiara |
| 245 #0 - TITLE STATEMENT | |
| Title | I nuovi adolescenti e la fuga nel virtuale |
| Remainder of title | Gentitori, educatori e insegnanti di fronte alle nuove tecnologie |
| 250 ## - EDITION STATEMENT | |
| Edition statement | 1a ed. |
| 260 ## - PUBLICATION, DISTRIBUTION, ETC. (IMPRINT) | |
| Place of publication, distribution, etc. | Bologna |
| Name of publisher, distributor, etc. | Dehoniane |
| Date of publication, distribution, etc. | 2015 |
| 300 ## - PHYSICAL DESCRIPTION | |
| Extent | pp. 213 |
| 500 ## - GENERAL NOTE | |
| General note | / adolescenza, nuovi-media, formazione-personalità, disadattamento, consulenza / I nuovi media, in particolare Internet e il cellulare, svolgono un ruolo importante nella vita dei giovani e aprono a un mondo di relazioni che offre opportunità di crescita senza precedenti. Un territorio affascinante, sconfinato e facilmente accessibile dove, tuttavia, possono trovare spazio anche contenuti e comportamenti potenzialmente dannosi. Se da un lato la rete dà spazio allo scambio, dall'altro rischia di divenire luogo della solitudine che relega in secondo piano la dimensione fisica, il dialogo verbale e non verbale, la trasmissione delle emozioni tipica dei veri rapporti interpersonali. Nascono al contempo nuovi fenomeni come il cyber bullismo, le molestie, oppure la diffusione di siti, blog e forum di persone accomunate dalla stessa ossessione per il cibo e colpite da anoressia o bulimia. Siamo di fronte a nuovi modi di apprendere: più per immagini che per concetti, più attenti al concreto che a ciò che sembra astratto, più per logiche binarie che razionali. |
| 650 ## - SUBJECT ADDED ENTRY--TOPICAL TERM | |
| Topical term or geographic name as entry element | età-evolutiva |
| 700 ## - ADDED ENTRY--PERSONAL NAME | |
| Personal name | Tagliaferro Giovanni |
| 700 ## - ADDED ENTRY--PERSONAL NAME | |
| Personal name | Volante Marco |
| 942 ## - ADDED ENTRY ELEMENTS (KOHA) | |
| Koha item type | LIBRO |
| 957 ## - | |
| -- | 1 |
| 999 ## - SYSTEM CONTROL NUMBERS (KOHA) | |
| -- | 1 |
| Withdrawn status | Lost status | Damaged status | Not for loan | Home library | Current library | Date acquired | Total Checkouts | Full call number | Date last seen | Price effective from | Koha item type | Public note |
|---|---|---|---|---|---|---|---|---|---|---|---|---|
| Buone Condizioni | Not For Loan | CISF - Milano | CISF - Milano | 14/10/2016 | b7239-53531 | 14/10/2016 | 14/10/2016 | LIBRO | Data import 15.10.2016 / by Epidotti, Vaglietti |